000 00696nam a2200217Ia 4500
001 9628
003 GE_BSU
008 181216s||||||||xx |||||||||||||| ||und||
040 _cGE_BSU
080 _a821.353.1–32+82-93
100 _aმესხი,ლელა
245 _aთავდავიწყება
245 _bმოთხრობები
245 _cრედ.მაყვალა კალანდარიშვილი,მხატვ.მ.კუხაშვილი
260 _aთბილისი
260 _bნაკადული
260 _c1987
300 _a196გვ.21სმ.
653 _aთავდავიწყება
942 _cBK
999 _c42912
_d42912